| 000 | 01228nam a2200337 a 4500 | ||
|---|---|---|---|
| 001 | 000113168 | ||
| 003 | CHAP | ||
| 005 | 20220329144341.0 | ||
| 008 | 170508s2017 mx sm |||||||spa d | ||
| 010 | _a109629 | ||
| 011 | _a110601 | ||
| 040 | _cCHAP | ||
| 090 | _aTesis | ||
| 100 | 1 |
_aUc Sosa, Carlos Iván _9132121 |
|
| 245 | 1 | 0 |
_aEstudio de maquinado de la madera de Bucida buceras L. del Estado de Campeche, México _h[En línea] _cpor Carlos Iván Uc Sosa. |
| 260 |
_aChapingo, Méx. : _bEl autor, _c2017. |
||
| 500 | _aPara ver el contenido del material haga clic en la liga | ||
| 502 | _aTesis (Ing. Forestal Industial) -- UACH. División de Ciencias Forestales | ||
| 590 |
_aBATCH-UPD _b05 _c20170508 _lUCH01 _h0927 |
||
| 590 |
_aE5765TAJ _b05 _c20170508 _lUCH01 _h0926 |
||
| 590 |
_aE5765TAJ _b05 _c20170509 _lUCH01 _h0835 |
||
| 590 |
_aE5765TAJ _b05 _c20170509 _lUCH01 _h1438 |
||
| 650 | 1 | 4 |
_aBucida buceras L. _xMadera _xPropiedades y usos. _9132122 |
| 650 | 1 | 4 |
_aIndustria maderera _xCampeche. _957873 |
| 650 | 1 | 4 |
_aMadera aserrada. _969637 |
| 650 | 1 | 4 |
_aMadera _xSubproductos. _969627 |
| 856 |
_aFinding aid _uhttp://10.13.5.2/tesis/sist113168.pdf _zTeclea aquí |
||
| 901 | _aBK | ||
| 942 | _cTESIS | ||
| 942 | _n0 | ||
| 999 |
_c109629 _d109629 |
||